000
00328nam a2200133Ia 4500
008
130318s9999 xx 000 0 und d
020
_a
74600680
082
_a
658.404 CHO/P
100
_a
Choudhury, S
245
_a
Project management
260
_b
Tata McGraw Hill
_a
New Delhi
_c
1988
300
_a
244
650
_a
PROJECT MANAGEMENT
999
_c
765
_d
765